00789cam a22002771 4500001001300000003000400013005001700017008004100034010001700075025001900092040001800111043001200129050002200141082001300163100004200176240002300218245005000241250001400291260004400305300002300349350001100372490003400383500005200417651002500469999001700494sa 68005449 DLC20260227112509.0710915r1967 ii 000 0 eng  asa 68005449  aPL480:I-E-9889 aDLCcDLCdDLC aa-ii---00aDS423b.S469 196700a915.4/031 aSharma, S. R.q(Shripad Rama),d1879-10aIndia as I see her14aThe soul of Indian history,cby S. R. Sharma. a[1st ed.] aBombay,bBharatiya Vidya Bhavan,c1967. aix, 241 p.c19 cm. aRs2.500 aBhavan's book university, 148 aFirst ed., 1956, has title: India as I see her. 0aIndiaxCivilization. c80754d80754